Multivariate data analysis (Record no. 57267)
[ view plain ]
| 000 -LEADER | |
|---|---|
| fixed length control field | 00527nam a2200205Ia 4500 |
| 001 - CONTROL NUMBER | |
| control field | 59939 |
| 008 - FIXED-LENGTH DATA ELEMENTS--GENERAL INFORMATION | |
| fixed length control field | 140520s9999 xx 000 0 und d |
| 020 ## - INTERNATIONAL STANDARD BOOK NUMBER | |
| International Standard Book Number | 9788131776483 |
| 040 ## - CATALOGING SOURCE | |
| Transcribing agency | PK-LaUMT |
| 082 ## - DEWEY DECIMAL CLASSIFICATION NUMBER | |
| Classification number | 519.535 |
| Item number | MUL- |
| 100 ## - MAIN ENTRY--PERSONAL NAME | |
| Personal name | Hair, Josephn F. |
| 245 ## - TITLE STATEMENT | |
| Title | Multivariate data analysis |
| Remainder of title | a global perspective |
| Statement of responsibility, etc | Hair, Josephn F.<>[Et al,] |
| 250 ## - EDITION STATEMENT | |
| Edition statement | 7th |
| 260 ## - PUBLICATION, DISTRIBUTION, ETC. (IMPRINT) | |
| Place of publication, distribution, etc | Delhi,India: |
| Name of publisher, distributor, etc | Pearson, |
| Date of publication, distribution, etc | 2010 |
| 300 ## - PHYSICAL DESCRIPTION | |
| Extent | 800 p. |
| 546 ## - LANGUAGE NOTE | |
| Language note | EN |
| 650 ## - SUBJECT ADDED ENTRY--TOPICAL TERM | |
| Topical term or geographic name as entry element | Multivariate analysis |
| 700 ## - ADDED ENTRY--PERSONAL NAME | |
| Personal name | [Et al,] |
| 942 ## - ADDED ENTRY ELEMENTS (KOHA) | |
| Koha item type | Books |
| Withdrawn status | Lost status | Damaged status | Not for loan | Home library | Current library | Date acquired | Total Checkouts | Total Renewals | Full call number | Barcode | Date last seen | Date checked out | Price effective from | Koha item type |
|---|---|---|---|---|---|---|---|---|---|---|---|---|---|---|
| UMT Main Campus | UMT Main Campus | 2014-05-20 | 8 | 1 | 519.535 MUL- | 81768 | 2024-10-05 | 2023-10-24 | 2014-05-21 | Books |
